Speed Countries Quiz Stats

 Plays Quiz Updated Jul 13, 2018

Challenge
Share
Tweet
Embed
Score 0/48 Timer 02:00
31 Plays Today
Start Finish % Correct
????
100%
????
99.6%
????
99.3%
????
98.6%
????
98.4%
????
97.5%
????
93.1%
????
92.9%
????
88.7%
????
87%
????
81.7%
????
81.5%
????
81.4%
????
81.3%
????
80.8%
????
80.3%
????
80.1%
????
78.8%
????
77.2%
????
76.9%
????
75.5%
????
75.3%
????
74.3%
????
74%
Start Finish % Correct
????
69.2%
????
68.8%
????
67.6%
????
67.2%
????
65.8%
????
65.4%
????
62.5%
????
58.3%
????
57.8%
????
56.7%
????
54.4%
????
48.9%
????
48%
????
47.1%
????
46.3%
????
45.6%
????
37.3%
????
35.5%
????
34%
????
30.9%
????
28.7%
????
27.6%
????
26%
????
22.5%

You're not logged in!

Compare scores with friends on all Sporcle quizzes.
OR
Log In

You Might Also Like...

Show Comments

Extras

Top Quizzes Today


Score Distribution

Your Account Isn't Verified!

In order to create a playlist on Sporcle, you need to verify the email address you used during registration. Go to your Sporcle Settings to finish the process.

Report this User

Report this user for behavior that violates our Community Guidelines.

Details: